The treasury of clean seniors' jokes / (Record no. 796)
[ view plain ]
| 000 -LEADER | |
|---|---|
| fixed length control field | 00985cam a2200313 a 4500 |
| 005 - DATE AND TIME OF LATEST TRANSACTION | |
| control field | 20260322212034.0 |
| 008 - FIXED-LENGTH DATA ELEMENTS--GENERAL INFORMATION | |
| fixed length control field | data |
| 010 ## - LIBRARY OF CONGRESS CONTROL NUMBER | |
| LC control number | 96053375 |
| 020 ## - INTERNATIONAL STANDARD BOOK NUMBER | |
| International Standard Book Number | 0805463658 (pbk.) |
| 020 ## - INTERNATIONAL STANDARD BOOK NUMBER | |
| International Standard Book Number | 9780805463651 (pbk.) |
| 040 ## - CATALOGING SOURCE | |
| Original cataloging agency | DLC |
| Transcribing agency | DLC |
| Modifying agency | DLC |
| 050 00 - LIBRARY OF CONGRESS CALL NUMBER | |
| Classification number | PN6231.A43 |
| Item number | B66 1997 |
| 082 00 - DEWEY DECIMAL CLASSIFICATION NUMBER | |
| Classification number | 818/.5402 |
| Edition information | 21 |
| 092 ## - LOCALLY ASSIGNED DEWEY CALL NUMBER (OCLC) | |
| Classification number | 818 B66 1997 |
| 001 - CONTROL NUMBER | |
| control field | data |
| 100 1# - MAIN ENTRY--PERSONAL NAME | |
| Personal name | Bonham, Tal D., |
| Dates associated with a name | 1934- |
| 245 14 - TITLE STATEMENT | |
| Title | The treasury of clean seniors' jokes / |
| Statement of responsibility, etc. | Tal D. Bonham, Jack Gulledge & Tal D. Bonham. |
| 246 30 - VARYING FORM OF TITLE | |
| Title proper/short title | Clean seniors' jokes |
| 250 ## - EDITION STATEMENT | |
| Edition statement | 2nd ed. |
| 260 ## - PUBLICATION, DISTRIBUTION, ETC. | |
| Place of publication, distribution, etc. | Nashville, Tenn. : |
| Name of publisher, distributor, etc. | Broadman & Holman, |
| Date of publication, distribution, etc. | c1997. |
| 300 ## - PHYSICAL DESCRIPTION | |
| Extent | x, 156 p. ; |
| Dimensions | 18 cm. |
| 440 #0 - SERIES STATEMENT/ADDED ENTRY--TITLE | |
| Title | Treasury of clean jokes series |
| 500 ## - GENERAL NOTE | |
| General note | Rev. ed. of: The treasury of clean senior adult jokes. 1989. |
| 650 #0 - SUBJECT ADDED ENTRY--TOPICAL TERM | |
| Topical term or geographic name entry element | Aging |
| General subdivision | Humor. |
| 650 #0 - SUBJECT ADDED ENTRY--TOPICAL TERM | |
| Topical term or geographic name entry element | Old age |
| General subdivision | Humor. |
| 650 #0 - SUBJECT ADDED ENTRY--TOPICAL TERM | |
| Topical term or geographic name entry element | Older people |
| General subdivision | Humor. |
| 700 1# - ADDED ENTRY--PERSONAL NAME | |
| Personal name | Gulledge, Jack, |
| Dates associated with a name | 1924- |
| 700 1# - ADDED ENTRY--PERSONAL NAME | |
| Personal name | Bonham, Tal D., |
| Dates associated with a name | 1934- |
| Title of a work | The treasury of clean senior adult jokes. |
| Withdrawn status | Lost status | Damaged status | Not for loan | Home library | Current library | Shelving location | Date acquired | Total checkouts | Full call number | Barcode | Date last seen | Price effective from | Koha item type |
|---|---|---|---|---|---|---|---|---|---|---|---|---|---|
| Franklin | Franklin | General stacks | 22/03/2026 | 818/.5402 21 | BC0010819 | 22/03/2026 | 22/03/2026 | Books |